Kulasekhara Alvarute Perumal Thirumozhi (Record no. 101315)
[ view plain ]
| 000 -LEADER | |
|---|---|
| fixed length control field | 00396nam a2200133Ia 4500 |
| 008 - FIXED-LENGTH DATA ELEMENTS--GENERAL INFORMATION | |
| fixed length control field | 211118s9999||||xx |||||||||||||| ||und|| |
| 082 ## - DEWEY DECIMAL CLASSIFICATION NUMBER | |
| Classification number | 894.8121 |
| Item number | PUT-K |
| 100 ## - MAIN ENTRY--PERSONAL NAME | |
| Personal name | Puthusseri, Ramachandran |
| 245 #0 - TITLE STATEMENT | |
| Title | Kulasekhara Alvarute Perumal Thirumozhi |
| 260 ## - PUBLICATION, DISTRIBUTION, ETC. | |
| Name of publisher, distributor, etc. | D c Books |
| Place of publication, distribution, etc. | Kottayam |
| Date of publication, distribution, etc. | 2001 |
| 630 ## - SUBJECT ADDED ENTRY--UNIFORM TITLE | |
| General subdivision | General Stack |
| 650 ## - SUBJECT ADDED ENTRY--TOPICAL TERM | |
| Topical term or geographic name entry element | Malayalam Literature |
| 942 ## - ADDED ENTRY ELEMENTS (KOHA) | |
| Koha item type | BOOK |
| 650 ## - SUBJECT ADDED ENTRY--TOPICAL TERM | |
| Form subdivision | Malayalam PoetryMalayalam |
| Withdrawn status | Lost status | Damaged status | Not for loan | Home library | Current library | Date acquired | Cost, normal purchase price | Total Checkouts | Full call number | Barcode | Shelving location | Date last seen | Price effective from | Koha item type |
|---|---|---|---|---|---|---|---|---|---|---|---|---|---|---|
| SB LIBRARY | SB LIBRARY | 18/11/2021 | 40.00 | 894.8121 PUT-K | 00107087 | GENERAL STACK | 18/11/2021 | 18/11/2021 | BOOK |